<?xml version="1.0" encoding="UTF-8"?><?xml-stylesheet type="text/xsl" href="static/style.xsl"?><OAI-PMH xmlns="http://www.openarchives.org/OAI/2.0/" xmlns:xsi="http://www.w3.org/2001/XMLSchema-instance" xsi:schemaLocation="http://www.openarchives.org/OAI/2.0/ http://www.openarchives.org/OAI/2.0/OAI-PMH.xsd"><responseDate>2026-04-14T09:39:22Z</responseDate><request verb="GetRecord" identifier="oai:www.recercat.cat:10230/71315" metadataPrefix="marc">https://recercat.cat/oai/request</request><GetRecord><record><header><identifier>oai:recercat.cat:10230/71315</identifier><datestamp>2025-10-01T03:09:16Z</datestamp><setSpec>com_2072_6</setSpec><setSpec>col_2072_452952</setSpec></header><metadata><record xmlns="http://www.loc.gov/MARC21/slim" xmlns:dcterms="http://purl.org/dc/terms/" xmlns:xsi="http://www.w3.org/2001/XMLSchema-instance" xmlns:doc="http://www.lyncode.com/xoai" xsi:schemaLocation="http://www.loc.gov/MARC21/slim http://www.loc.gov/standards/marcxml/schema/MARC21slim.xsd">
   <leader>00925njm 22002777a 4500</leader>
   <datafield ind2=" " ind1=" " tag="042">
      <subfield code="a">dc</subfield>
   </datafield>
   <datafield ind2=" " ind1=" " tag="720">
      <subfield code="a">Freixa Font, Pere</subfield>
      <subfield code="e">author</subfield>
   </datafield>
   <datafield ind2=" " ind1=" " tag="720">
      <subfield code="a">Redondo i Arolas, Mar</subfield>
      <subfield code="e">author</subfield>
   </datafield>
   <datafield ind2=" " ind1=" " tag="720">
      <subfield code="a">Codina, Lluís</subfield>
      <subfield code="e">author</subfield>
   </datafield>
   <datafield ind2=" " ind1=" " tag="720">
      <subfield code="a">Lopezosa, Carlos</subfield>
      <subfield code="e">author</subfield>
   </datafield>
   <datafield ind2=" " ind1=" " tag="260">
      <subfield code="c">2025-09-30T06:31:01Z</subfield>
   </datafield>
   <datafield ind2=" " ind1=" " tag="260">
      <subfield code="c">2025-09-30T06:31:01Z</subfield>
   </datafield>
   <datafield ind2=" " ind1=" " tag="260">
      <subfield code="c">2025</subfield>
   </datafield>
   <datafield ind2=" " ind1=" " tag="520">
      <subfield code="a">Este capítulo presenta un marco metodológico para analizar el sesgo de género y la presencia de estereotipos socioculturales en bancos de imágenes profesionales, con especial atención a los resultados visuales generados por plataformas fotográficas y generadas con IA. El estudio se basa en la hipótesis de que las indicaciones neutrales (aquellas que carecen de referencias explícitas al género, la edad o la etnia) deberían, en ausencia de sesgos culturales o técnicos, generar una representación visual equilibrada entre las diferentes categorías sociales. Cualquier desviación significativa de dicha proporcionalidad puede indicar la existencia de sesgos implícitos o clichés visuales recurrentes. Para explorar esto, se analizan imágenes recuperadas de cuatro plataformas profesionales: dos basadas en fotografía convencional y dos basadas en la generación de imágenes con IA. Se ha desarrollado un sistema de indicadores codificados para clasificar las representaciones en términos de género, edad, etnia, diversidad funcional, pautas de belleza y acciones representadas. La metodología excluye imágenes de grupo y variantes casi idénticas para garantizar la diversidad y el rigor analítico. Los hallazgos revelan que las plataformas basadas en IA se alinean con mayor consistencia con las indicaciones del usuario (60,36 %) en comparación con las bases de datos fotográficas tradicionales (44,84 %). Sin embargo, ambos tipos de plataformas presentan patrones estereotipados, lo que sugiere la persistencia de tropos visuales y clichés. La metodología propuesta resulta eficaz para detectar estos sesgos y ofrece un marco analítico transferible. El capítulo busca contribuir a esfuerzos más amplios hacia culturas visuales más inclusivas, fomentando la investigación interdisciplinaria sobre la generación y representación algorítmica de imágenes en medios digitales.</subfield>
   </datafield>
   <datafield ind2=" " ind1=" " tag="520">
      <subfield code="a">Este trabajo forma parte del proyecto “Parámetros y estrategias para incrementar la relevancia de los medios y la comunicación digital en la sociedad: curación, visualización y visibilidad (CUVICOM)”. Ayuda PID2021-123579OB-I00 financiada por MICIU/AEI/10.13039/501100011033 y por FEDER, UE.</subfield>
   </datafield>
   <datafield ind1="8" ind2=" " tag="024">
      <subfield code="a">http://hdl.handle.net/10230/71315</subfield>
   </datafield>
   <datafield tag="653" ind2=" " ind1=" ">
      <subfield code="a">Sesgo de género</subfield>
   </datafield>
   <datafield tag="653" ind2=" " ind1=" ">
      <subfield code="a">Estereotipos</subfield>
   </datafield>
   <datafield tag="653" ind2=" " ind1=" ">
      <subfield code="a">Bancos de imágenes</subfield>
   </datafield>
   <datafield tag="653" ind2=" " ind1=" ">
      <subfield code="a">Inteligencia artificial</subfield>
   </datafield>
   <datafield tag="653" ind2=" " ind1=" ">
      <subfield code="a">Representación visual</subfield>
   </datafield>
   <datafield tag="653" ind2=" " ind1=" ">
      <subfield code="a">Prompts de imágenes</subfield>
   </datafield>
   <datafield tag="653" ind2=" " ind1=" ">
      <subfield code="a">Interpretación algorítmica</subfield>
   </datafield>
   <datafield tag="653" ind2=" " ind1=" ">
      <subfield code="a">Análisis iconográfico</subfield>
   </datafield>
   <datafield tag="653" ind2=" " ind1=" ">
      <subfield code="a">Representación mediática</subfield>
   </datafield>
   <datafield ind2="0" ind1="0" tag="245">
      <subfield code="a">IA y bancos de imágenes: una metodología de investigación</subfield>
   </datafield>
</record></metadata></record></GetRecord></OAI-PMH>